| 000 | 00943nam a22002297a 4500 | ||
|---|---|---|---|
| 999 |
_c9524 _d9524 |
||
| 003 | GBCCL | ||
| 005 | 20241126110713.0 | ||
| 008 | 230224b ||||| |||| 00| 0 eng d | ||
| 040 | _cGBC | ||
| 082 |
_a261.8 _bPEA |
||
| 245 |
_aPeacemaking in North East India : _bsocial and theological exploration / _cedited by Yangkahao Vashum, Woba James |
||
| 260 |
_aJorhat, Assam, _bEastern Theological College The Department of Tribal Studies, _c2006 |
||
| 300 |
_avii, 279 pages ; _c22 cm. |
||
| 440 |
_aTribal study series _n21 _916583 |
||
| 505 | _a"The Third Tribal Theology Institute Seminar was organized during 1-4, 2010 .... theme of "Peace Making in the North East India"--Preface | ||
| 650 |
_aConference papers and proceedings _916584 |
||
| 650 |
_aEthnic conflict _v Religious aspects _xChristianity _916585 |
||
| 650 |
_aNortheastern India _916586 |
||
| 650 |
_aPeace-building _916587 |
||
| 650 |
_aTheology _9631 |
||
| 942 |
_2ddc _cBK _02 |
||